Computer applications for real estate (Record no. 103285)

MARC details
000 -LEADER
fixed length control field 00729cam a2200217 4500
001 - CONTROL NUMBER
control field L124825
008 - FIXED-LENGTH DATA ELEMENTS--GENERAL INFORMATION
fixed length control field 040112n2005 000 0 eng u
020 ## - INTERNATIONAL STANDARD BOOK NUMBER
International Standard Book Number 0324191480
035 ## - SYSTEM CONTROL NUMBER
System control number (Sirsi) u124825
041 ## - LANGUAGE CODE
Language code of text/sound track or separate title eng
050 ## - LIBRARY OF CONGRESS CALL NUMBER
Classification number 333.00285
-- 18
100 ## - MAIN ENTRY--PERSONAL NAME
Personal name Culbertson, Edward L.
245 ## - TITLE STATEMENT
Title Computer applications for real estate
260 ## - PUBLICATION, DISTRIBUTION, ETC.
Place of publication, distribution, etc. Thomson-South Western
Date of publication, distribution, etc. 2005
300 ## - PHYSICAL DESCRIPTION
Extent xix, 440p.
Dimensions 28cm.
350 ## - PRICE (NR) (BK AM CF MU VM SE) [OBSOLETE]
Price 24.99
520 ## - SUMMARY, ETC.
Summary, etc. Aimed at contemporary real estate professionals in the US. Provides a step-by-step guide on how computer concepts and software applications are applied to real estate practice.
590 ## - LOCAL NOTE (RLIN)
Local note IKA190505
690 ## - LOCAL SUBJECT ADDED ENTRY--TOPICAL TERM (OCLC, RLIN)
Topical term or geographic name as entry element MANAGEMENT-BUSINESS MANAGEMENT-COMMUNICATION
942 ## - ADDED ENTRY ELEMENTS (KOHA)
Suppress in OPAC 0
Holdings
Withdrawn status Lost status Source of classification or shelving scheme Damaged status Not for loan Home library Current library Shelving location Date acquired Cost, normal purchase price Total Checkouts Full call number Barcode Date last seen Date last checked out Copy number Cost, replacement price Price effective from Koha item type
    Dewey Decimal Classification     London London Basement 05/05/2005 21.24 6 BASEMENT 30070581 06/08/2019 16/10/2009 1 21.24 06/08/2019 Book